| 000 | 00913nam a22002297a 4500 | ||
|---|---|---|---|
| 999 |
_c571 _d571 |
||
| 003 | AR-CdUCM | ||
| 008 | 190225b ||||| |||| 00| 0 spa d | ||
| 040 |
_aMUNICIPALIDAD PROVINCIAL DEL CUSCO _cBIBLIOTECA MUNICIPAL DEL CUSCO |
||
| 082 |
_a922 / _bR666 |
||
| 100 |
_aRobles Ortiz, Elmer _92221 |
||
| 245 |
_aEducación y Ciencias Sociales en el pensamiento de José de Acosta / _cElmer Robles Ortiz |
||
| 260 |
_aPerú : _bLibertad E. I. R. L. ; _c1990. |
||
| 300 |
_a170 páginas. : _c20 cm. |
||
| 505 | _aContenido: Problemas con el virrey Toledo -- Escritos de Acosta -- Los procedimientos usados por el cronista en la investigación -- La compañía de Jesús -- El nombre de Indias ... | ||
| 650 |
_aIndias _92222 |
||
| 650 |
_aPoblamiento de América _92223 |
||
| 650 |
_aCrónicas _92224 |
||
| 650 |
_aNativos _92225 |
||
| 650 |
_aLeyendas _92226 |
||
| 942 |
_2ddc _cLIBROS |
||
| 945 |
_anom _d2019-02-25 |
||